000 00509nam a2200193Ia 4500
003 GCL
008 140319s9999 xx 000 0 eng d
040 _aGCL /
_cGCL
082 0 4 _a004.165
_bB T
100 1 _aBREY,BARRY B.
245 1 0 _aTHE ADIONCED INTEL MICROPROCESSOR /
_cBREY,BARRY B.
260 _a[S.N] :
_bMACMILLAN PUBLBISHING COMPANY ،
_c1992
300 _a745 PP
650 0 4 _aINTEL 80286
650 0 4 _aINTEL 80386
650 0 4 _aINTEL 80486
650 0 4 _aMICRO PROCESSORS
942 _2ddc
_cBK
999 _c25349
_d25349